000 00818nam a2200205 a 4500
008 120416s1969 ||||||||||||||||| || u
020 _a0422719005
050 _aGN 645 Man
100 _aKaberry, Phyllis Mary, 1910-
245 1 0 _aMan in Africa
_cedited by Mary Douglas
260 _aLondon
_bTavistock Publications
_c1969
300 _axxvii, 372 p. 8 plates, illus., 3 maps.
350 _a0.00
500 _a'Distributed in the U.S.A. by Barnes & Noble, Inc.' -Essays dedicated to Daryll Forde. -Includes bibliographies.
650 0 _aETHICS
650 _aETHNOLOGY--AFRICA
700 _aDouglas, Mary, 1921-
700 _aForde, Cyril Daryll, 1902-
995 _D0.00
_FCBU-MAIN LIBRARY (Kitwe)
_H1
_I4.50
_M1
_UAVAILABLE
_ZMain Library Open Access Collection
999 _c49803
_d49803